[Event "XIII Closed IM BCC 2021"]
[Site "Barcelona"]
[Date "2021.04.12"]
[Round "8.5"]
[White "Boyer, Mahel"]
[Black "Ruperez, Miguel"]
[Result "1-0"]
[WhiteElo "2333"]
[BlackElo "2121"]
[Annotator "TA"]
[PlyCount "73"]
[EventDate "2021.04.05"]
[EventType "tourn"]
[EventCountry "ESP"]
[SourceTitle "playchess.com"]
[Source "ChessBase"]
[SourceQuality "1"]

{[%evp 9,73,0,20,20,26,18,25,3,16,6,16,22,33,58,77,75,76,13,85,82,86,84,130,135,133,136,138,147,135,138,129,134,156,96,187,119,148,148,148,145,169,163,229,175,147,0,220,191,232,156,234,234,269,289,831,783,830,802,796,795,29979,29980,29989,2503,29994,1212]} 1. d4 Nf6 2. Nf3 e6 3. Bf4 d5 4. Nbd2 c5 5. e3 Bd6 6. dxc5 {D02: 1 d4 d5 2 Nf3 sidelines, including 2...Nf6 3 g3 and 2...Nf6 3 Bf4.} Bxc5 7. c4 O-O 8. cxd5 {White has an edge.} exd5 {[#]} 9. Rc1 $146 ({Predecessor:} 9. Bd3 Nc6 10. O-O h6 11. h3 Bb6 12. a3 d4 13. e4 Be6 14. Re1 Re8 15. Bh2 {1-0 (90) Demchenko,A (2641)-Mikaelyan,A (2485) chess.com INT 2020}) 9... Bb6 10. Bb5 d4 11. exd4 Nc6 12. Bxc6 bxc6 {[#]} 13. Nc4 ({White should play} 13. O-O $1 $16) 13... Bg4 (13... Re8+ $11 {remains equal.} 14. Be5 Ba5+ 15. Kf1 Nd5) 14. O-O $16 Bxf3 15. Qxf3 Qxd4 16. Rfd1 Qe4 17. Qxe4 Nxe4 18. Nxb6 axb6 19. Rxc6 Rxa2 20. Rxb6 Nc5 21. Be3 (21. g3 $142) 21... Nd3 22. b3 (22. b4 $18) 22... h6 23. h3 $36 {[%mdl 2048] White is in control.} Ne5 24. Rd5 Re8 25. Rb7 Re6 (25... Raa8 $142 26. b4 Nc4) 26. Bf4 Ng6 27. Be3 (27. Rd8+ $16 Kh7 28. Be3 (28. Rxf7 Re1+ 29. Kh2 Rxf2 $16)) 27... Ne5 $1 $18 28. Rc5 Kh7 29. Rcc7 Rg6 (29... g5 $16 30. b4 Kg6) 30. Kh2 Ra1 31. Bd4 Nf3+ $2 {[#]} (31... Re1 32. Bxe5 Rxe5 33. Rxf7 h5) 32. gxf3 Rag1 33. h4 R6g2+ 34. Kh3 f6 35. Bxf6 Kg6 36. Rxg7+ (36. Bxg7 $142 Kh5 37. Rc5+ Rg5 38. hxg5 Rxg5 39. Be5 Rf5 40. Rb6 Kg5 41. f4+ Rxf4 42. Bg7+ {[%mdl 64] Discovered Attack} Rf5 43. Bxh6+ Kh5 44. Rxf5#) 36... Kh5 37. Rb5+ {Weighted Error Value: White=0.24/Black=0.65} 1-0

[Event "XIII Closed IM BCC 2021"]
[Site "Barcelona"]
[Date "2021.04.13"]
[Round "9.1"]
[White "Ruperez, Miguel"]
[Black "Rodriguez Garcia, Yuliesky"]
[Result "1/2-1/2"]
[WhiteElo "2121"]
[BlackElo "2175"]
[Annotator "TA"]
[PlyCount "86"]
[EventDate "2021.04.05"]
[EventType "tourn"]
[EventCountry "ESP"]
[SourceTitle "playchess.com"]
[Source "ChessBase"]
[SourceQuality "1"]

{[%evp 18,86,33,31,43,31,31,35,50,35,27,38,32,31,49,38,41,20,33,22,64,36,53,15,16,8,8,10,17,0,28,0,16,0,0,0,7,7,10,5,16,-12,-5,-5,-10,-16,-11,-13,0,0,0,0,0,0,0,-11,0,0,0,0,0,0,0,0,0,0,0,0,0,0,79]} 1. Nf3 c5 2. b3 Nf6 3. Bb2 e6 4. e3 d5 5. c4 Be7 6. cxd5 exd5 7. Bb5+ Bd7 8. Bxd7+ Nbxd7 9. O-O O-O 10. d4 Rc8 {A13: English Opening: 1...e6.} 11. dxc5 Nxc5 12. Nc3 Nce4 {White is slightly better.} 13. Qd3 {[#]} Nxc3 $146 ({Predecessor:} 13... Qa5 14. Qb5 Qxb5 15. Nxb5 Rc2 16. Rab1 Rfc8 17. Nbd4 R2c7 18. Rbd1 Bf8 19. Ne5 a6 {1-0 (69) Hebden,M (2509)-Taylor,A (2168) Bournemouth 2016}) 14. Bxc3 Ne4 15. Bb2 Bf6 16. Bxf6 Nxf6 17. Qb5 Qc7 18. h3 Qb6 19. Nd4 Rc5 20. Qd3 g6 21. Rac1 Rfc8 22. Rxc5 Qxc5 23. Rd1 a6 24. g3 Qc3 {The position is equal.} (24... Ne4 {keeps more tension.} 25. a4 Qa3 26. Qf1 Rc3 27. Qe2 Qd6) 25. Qxc3 Rxc3 $11 {[%mdl 4096] Endgame KRN-KRN} 26. Rd2 Rc1+ 27. Kg2 Kf8 28. Ne2 Ra1 29. a4 Rb1 30. Nd4 Ke7 31. Rc2 Kd7 32. g4 Ng8 33. Rc3 Rb2 34. Kg3 Ne7 35. Nf3 f6 36. h4 h5 37. gxh5 gxh5 38. Nd4 Kd6 39. Kf3 Rb1 40. Kg2 Rb2 41. Kg3 Rb1 42. Kg2 Rb2 43. Kf3 Ke5 {Weighted Error Value: White=0.07/Black=0.07} (43... Ng6 $11 {keeps the balance.}) 1/2-1/2

[Event "XIII Closed IM BCC 2021"]
[Site "Barcelona"]
[Date "2021.04.13"]
[Round "9.2"]
[White "Martin Gonzalez, Angel"]
[Black "Boyer, Mahel"]
[Result "0-1"]
[WhiteElo "2291"]
[BlackElo "2333"]
[Annotator "TA"]
[PlyCount "56"]
[EventDate "2021.04.05"]
[EventType "tourn"]
[EventCountry "ESP"]
[SourceTitle "playchess.com"]
[Source "ChessBase"]
[SourceQuality "1"]

{[%evp 23,56,-27,-22,-43,-35,-31,-21,-12,0,-27,-30,-35,-8,0,14,10,10,15,13,8,72,-74,0,-13,-5,-21,-21,-21,-8,-24,0,-139,-136,-482,-468]} 1. e4 e6 2. d4 d5 3. Nd2 c5 4. c3 cxd4 5. cxd4 dxe4 6. Nxe4 Nf6 7. Nc3 a6 8. Nf3 b5 9. Bd3 Bb7 10. a3 Be7 11. O-O O-O 12. Re1 Nbd7 {[%cal Bb8d7,Bd7b6,Bb6d5][%mdl 32]} 13. Bc2 {D40: Queen's Gambit Declined: Semi-Tarrasch with 5 e3.} Nb6 14. Qd3 Nbd5 {[#]} 15. Ne5 $146 {The position is equal.} ({Predecessor:} 15. Nxd5 Qxd5 16. Bg5 g6 17. Bb3 Qd6 18. Ne5 Bd5 19. Bxd5 Nxd5 20. Bh6 Rfc8 21. Qf3 {½-½ (52) Vladimirov,M (2159)-Shirokov,A (2207) Novokuznetsk 2008}) 15... Rc8 16. Bg5 g6 17. Bh6 Re8 18. Qf3 Rc7 {[#] Strongly threatening ...Nxc3.} 19. Be4 Qa8 $1 20. Bxd5 Bxd5 21. Qf4 Bd8 (21... Bxg2 $11 22. Nxg6 hxg6 23. Qxc7 Bh1) 22. Rac1 ({Reject} 22. Nxd5 $6 Nxd5 23. Qe4 f6 $11) (22. g4 $16 {stays on course.}) 22... Nh5 (22... Bxg2 $17 23. f3 Bh3) 23. Qg4 $11 Ng7 24. Nxd5 Qxd5 25. Bxg7 Kxg7 26. Qf4 {Threatens to win with Rxc7.} Rf8 27. Ng4 {[#]} (27. g3 $11 {remains equal.}) 27... Rxc1 $1 $17 28. Rxc1 {[%mdl 8192]} (28. Qh6+ $17 {is tougher.} Kg8 29. Qxc1) 28... Bg5 {[%mdl 64] Skewer.  Weighted Error Value: White=0.64/Black=0.15} 0-1

[Event "XIII Closed IM BCC 2021"]
[Site "Barcelona"]
[Date "2021.04.13"]
[Round "9.3"]
[White "Asis Gargatagli, Hipolito"]
[Black "Benedetti, Julio"]
[Result "1-0"]
[WhiteElo "2454"]
[BlackElo "2282"]
[Annotator "TA"]
[PlyCount "65"]
[EventDate "2021.04.05"]
[EventType "tourn"]
[EventCountry "ESP"]
[SourceTitle "playchess.com"]
[Source "ChessBase"]
[SourceQuality "1"]

{[%evp 12,64,28,0,-7,0,3,8,10,3,6,6,10,0,105,88,82,101,143,134,129,141,193,208,198,195,176,172,165,199,205,184,240,242,258,241,565,261,315,298,267,249,649,241,862,708,1733,1677,29984,29985,29994,29995,29998,29999,29999]} 1. e4 c5 2. Nf3 Nc6 3. Bb5 e6 4. O-O Nge7 5. Re1 a6 6. Bf1 d5 7. d3 d4 {7...d4 is better than 7...g6. B30: Sicilian: 2...Nc6 3 Bb5, lines without ...g6.} 8. e5 Ng6 9. g3 {[#]} b5 $146 {The position is equal.} ({Predecessor:} 9... Qc7 10. Qe2 h5 11. h4 Be7 12. c3 dxc3 13. bxc3 b6 14. Na3 Bb7 15. Nc2 Rd8 {1-0 (92) Balogh,C (2656)-Gonzalez Zamora,J (2538) Cuernavaca 2014}) 10. Bg2 Bb7 11. h4 h6 12. a4 Rc8 (12... Be7 $11) 13. axb5 axb5 14. Na3 {[%cal Bb1a3,Ba3b5,Bb5d6][%mdl 32]} Ra8 15. h5 Nge7 16. Nxb5 Rxa1 (16... Nc8 $16 17. Rxa8 Bxa8) 17. Nd6+ $18 {[%mdl 64] Double Attack} Kd7 {And now ...Qb8 would win.} 18. Nxb7 Qb6 19. Nd6 {[%mdl 1024] White has strong compensation.} Nd8 20. Nd2 Nc8 21. N6c4 ({Much less strong is} 21. N2c4 $6 Qa7 $16) 21... Qb8 (21... Qa7 {was called for.} 22. b4 cxb4) 22. Nb3 Ra6 23. Qg4 Nc6 $2 (23... Qa7 {is more resistant.} 24. c3 Qb8) 24. Bf4 (24. Nd6 $142 Nxd6 25. Nxc5+ {[%mdl 64] Double Attack} Ke8 26. exd6 Qxd6 27. Nxe6) 24... Qb5 25. Nd6 Nxd6 26. exd6 {Threatens to win with Bd5.} Nb4 (26... Na5 27. Bh3 Qc6 28. Rxe6 (28. Bg2 Qb5 $18) 28... fxe6 29. Qxe6+ Kd8 30. Nxc5 Bxd6 31. Nxa6 Bxf4) 27. Bh3 $2 (27. Re5 Bxd6 {[#]} 28. Nxd4 $1 {[%mdl 512]}) 27... Kc6 (27... Kd8 28. Re5 Bxd6 29. Qxg7 {[%mdl 64] Double Attack} Re8) 28. Re5 Nd5 {[#]} 29. Rxd5 $1 {[%mdl 512]} f5 (29... Kb6 30. d7) 30. Qg6 {White mates.} exd5 31. Qe8+ Kb6 32. Qb8+ Kc6 33. Qc7# {White took control after the opening.  Weighted Error Value: White=0.37/Black=0.76} 1-0

[Event "XIII Closed IM BCC 2021"]
[Site "Barcelona"]
[Date "2021.04.13"]
[Round "9.4"]
[White "Droin, Augustin"]
[Black "Martinez Fernandez, Adrian"]
[Result "0-1"]
[WhiteElo "2292"]
[BlackElo "2369"]
[Annotator "TA"]
[PlyCount "90"]
[EventDate "2021.04.05"]
[EventType "tourn"]
[EventCountry "ESP"]
[SourceTitle "playchess.com"]
[Source "ChessBase"]
[SourceQuality "1"]

{[%evp 11,90,33,19,0,28,4,15,15,17,14,24,0,0,-6,0,-8,0,0,0,-37,-26,-29,-8,-15,-11,-23,0,-58,15,31,37,-9,62,8,172,162,214,202,205,184,335,-137,-137,-137,-137,-137,-137,-134,-130,-144,-135,-257,-192,-172,-130,-137,-130,-130,-130,-204,-160,-634,-603,-730,-708,-573,-759,-788,-783,-760,-752,-582,-584,-1969,-1645,-5093,-4809,-2531,-566,-29982,-29983]} 1. e4 c6 2. d4 g6 3. c4 d5 4. cxd5 cxd5 5. e5 Nc6 6. Nc3 Bg7 7. h4 {B22: Sicilian: 2 c3.} h5 {[#]} 8. Bf4 $146 ({Predecessor:} 8. Be3 Nh6 9. Bxh6 Bxh6 10. Bb5 O-O 11. g3 Bf5 12. f4 Nb4 13. Rc1 Qa5 14. Qd2 Rac8 {0-1 (31) Griffon,O (1907)-Marie,M (2228) Lille 2015}) 8... Nh6 9. Qd2 {The position is equal.} a6 10. Be2 Bf5 11. Bg5 Rc8 12. Rc1 Be6 13. Bf3 Nf5 14. Nge2 O-O 15. Be3 b5 {[%cal Bb7b5,Bb5b4][%mdl 32]} 16. Rd1 Nxe3 17. fxe3 b4 18. Na4 {[%cal Bc3a4,Ba4b6,Bb6c8][%mdl 32]} Bf5 19. Ng3 (19. Rc1 $11) 19... e6 ({Better is} 19... Nxe5 $15 20. Nxf5 (20. dxe5 Bc2 $17 {[%mdl 64] Double Attack}) 20... Nxf3+ 21. gxf3 gxf5) 20. Nxf5 $11 exf5 21. O-O Re8 ({Black should play} 21... Qxh4 $11 22. Qf2 (22. Bxd5 Nxe5 23. dxe5 Bxe5 $11) 22... Qd8) 22. Rc1 (22. g3 $14) 22... Qxh4 $2 (22... Bh6 $11 {and Black is okay.}) 23. Nb6 $18 {[%mdl 64] Qf2 is the strong threat. Double Attack} (23. Bxd5 $6 Bxe5 24. dxe5 Nxe5 $14) 23... Nxe5 (23... Rc7 {was necessary.} 24. Nxd5 {[%mdl 64] Double Attack} (24. Bxd5 Nxe5 25. Rxc7 Ng4 $14) 24... Rcc8) 24. Rxc8 Rxc8 25. Nxc8 Ng4 (25... Nc4 26. Qf2 (26. Qxb4 Nxe3 27. Ne7+ Kh7 $16) 26... Qg5) 26. g3 $2 ({Not} 26. Bxg4 hxg4 27. Re1 (27. Qxb4 g3 $14) 27... g3 $14) (26. Re1 $18) 26... Qxg3+ $17 27. Qg2 {[#]} Qc7 28. Bxg4 ({Don't go for} 28. Bxd5 $2 Qxc8 29. Bb3 Qc7 $19) 28... hxg4 29. Qxd5 {Hoping for Nd6.} Qxc8 {[%mdl 4096] Endgame KQR-KQB} 30. Qg2 Qe6 31. Qf2 (31. Qd2 $17) 31... Bh6 32. Re1 Qe4 33. b3 a5 34. Kh2 Bg5 35. Qg2 (35. Qg3 $17 {was worth a try.}) 35... Qe7 {White must now prevent ...Bf4+!} 36. Qa8+ $2 (36. Qg3 $17) 36... Kg7 $19 37. Qxa5 {[#] intending Qe5+.} Bf4+ {[%mdl 576] Pin} 38. Kg1 Bxe3+ 39. Kf1 Qe4 {[%cal Re4f3]} 40. Qe5+ Qxe5 41. dxe5 {[#]} f4 $1 42. Ke2 g5 43. Rd1 g3 44. Kf3 g4+ (44... Kg6 $142 45. Kg2 g4 46. Rd6+ Kf5) 45. Kg2 Bf2 {Never resign too early!  Weighted Error Value: White=1.10/Black=0.42} 0-1

[Event "XIII Closed IM BCC 2021"]
[Site "Barcelona"]
[Date "2021.04.13"]
[Round "9.5"]
[White "Munoz, Miguel"]
[Black "Martin Barcelo, Carles"]
[Result "1-0"]
[WhiteElo "2462"]
[BlackElo "2201"]
[Annotator "TA"]
[PlyCount "111"]
[EventDate "2021.04.05"]
[EventType "tourn"]
[EventCountry "ESP"]
[SourceTitle "playchess.com"]
[Source "ChessBase"]
[SourceQuality "1"]

{[%evp 10,110,12,11,22,0,12,4,17,3,5,-2,14,0,8,-10,29,28,27,45,54,50,54,64,56,59,52,39,60,63,69,50,79,45,31,-12,-29,-22,12,0,16,16,40,41,38,41,47,40,62,26,91,22,25,14,72,63,63,70,93,54,122,89,89,8,12,8,12,10,46,46,46,39,39,0,0,0,0,0,0,0,851,822,1415,1314,1157,1086,29980,29981,29978,29979,29981,29982,29993,29994,29995,29996,29996,29997,29997,29998,29998,29999,29999]} 1. e4 e6 2. g3 d5 3. Bg2 Nf6 4. e5 Nfd7 5. d4 c5 6. c3 Nc6 {C00: French: Unusual White 2nd moves.} 7. Ne2 Be7 8. Be3 b5 {The position is equal.} 9. O-O O-O 10. f4 {[#]} cxd4 $146 ({Predecessor:} 10... f5 11. Nd2 a5 12. h3 b4 13. c4 Nxd4 14. Bxd4 cxd4 15. cxd5 Bc5 16. Kh2 d3 {0-1 (38) Tumanova,I (1729)-Puuska,H (1989) Helsinki 2012}) 11. cxd4 Nb6 12. g4 f5 13. exf6 Bxf6 14. b3 g6 15. Nd2 {[%cal Bb1d2,Bd2f3,Bf3e5][%mdl 32]} Bd7 16. Nf3 Nc8 17. Ne5 Nd6 18. Qd2 Bg7 19. Rac1 Rc8 20. Ng3 Nf7 {[%cal Rf7e5]} 21. Nf3 Qa5 {Threatening ...Qxd2.} 22. Ne2 Qxd2 23. Bxd2 Nb8 24. h4 Rxc1 25. Rxc1 Rc8 26. Ne5 Rxc1+ 27. Nxc1 Be8 28. Kf2 Nc6 29. Ke3 Bf6 (29... Nfxe5 $11 {keeps the balance.} 30. fxe5 Bf8) 30. Be1 (30. Nxc6 $1 $16 Bxc6 31. g5) 30... Bd8 31. Ncd3 Bb6 (31... Nfxe5 $11 32. Nxe5 a5) 32. Nxc6 $16 Bxc6 33. Bb4 a5 34. Be7 Nd8 ({Black should play} 34... Nh6 $14) 35. Ne5 {Black must now prevent Bxd8.} Be8 36. f5 ({White should try} 36. Bc5 $16 Bc7 37. Bh3) 36... Nf7 $11 37. Bf6 ({Don't play} 37. fxe6 Nxe5 38. Bxd5 Nxg4+ 39. Kd3 Kg7 $17) 37... Nxe5 38. Bxe5 gxf5 39. gxf5 {[%mdl 4096] Endgame KBB-KBB} Bf7 40. Kf4 Bd8 41. f6 Bg6 42. Kg5 b4 43. h5 Bb1 44. h6 Bxa2 $2 {[%mdl 8192]} (44... Bg6 $11) 45. Bh3 $18 Kf7 46. Bg4 Bxb3 47. Bh5+ Kg8 {[#]} 48. Kf4 $1 {White mates.} Bxf6 49. Bxf6 Bc2 {[#]} 50. Be7 $1 Bf5 51. Kg5 b3 52. Kf6 Bg6 53. Bxg6 b2 54. Bf7+ Kh8 55. Bf8 {[%csl Gf6,Gh6][%cal Rf8g7]} b1=Q 56. Bg7# {Weighted Error Value: White=0.10/Black=0.28} 1-0